| 000 | 00943nam a22001937a 4500 | ||
|---|---|---|---|
| 999 |
_c371217 _d371217 |
||
| 008 | 201127b ||||| |||| 00| 0 eng d | ||
| 040 |
_aDE-2950 _bger _cDE-2950 _erda |
||
| 041 | _ager | ||
| 245 |
_aDer kurze Sommer der Utopie. _bDie Freiluft-Siedlung Gildenhall bei Neuruppin stand für Erneuerung, Handwerk und Gemeinschaft - und währte nur wenige Jahre. Eine Spurensuche zum 100. Jubiläum der Siedlungsgründung: Was ist vor Ort noch zu sehen? Und was sind die Perspektiven für die Zukunft? _nChristina Tilmann. |
||
| 264 | _c2021 | ||
| 490 |
_aBrandenburger Blätter _v11./12.12.2021 |
||
| 653 | _aGildenhall / Neuruppin | ||
| 653 | _aFreiluftsiedlung 1920-1933 | ||
| 773 |
_dFrankfurt (Oder) Märkisches Verlags- und Druckhaus GmbH & Co KG _tMärkische Oderzeitung _g32. Jahrgang (2021) Nr. 290 vom 11./12.12.2021, Journal am Wochenende, S. 4 |
||
| 942 | _cA | ||